000 00768nam a2200181 i 4500
001 33757
003 ES-MaACL
005 20230906154820.0
007 t|
008 030203s1878 gw ||||1| ger d
130 0 _aBiblia.
_pN.T.
_pEvangelios.
_lAlemán.
_9119303
245 1 4 _aDas heilige Evangelium unseres Herrn Jesu Christi nach Mattahèaus, Markus, Lukas und Johannes übersetzt und erklèart /
_cvon Johannes Theodor Laurent.
260 _aFreiburg im Breisgau :
_bHerder'sche Verlagshandlum,
_c1878.
300 _aXXIX, XVII, 715 p., 1 lám. ;
_c24 cm.
599 _aLa h. de lám. grab. calc. que representa a la Virgen con el Niño: "Ittenbach pinxt, Kohlschein sc."
700 1 _aLaurent, Johannes Theodor.
_970632
852 _aES-MaACL
_jC-4656
_bR.24394
999 _c33757
_d33757